| 000 | 01366nam a2200337 a 4500 | ||
|---|---|---|---|
| 001 | ebr10312692 | ||
| 003 | CaPaEBR | ||
| 006 | m u | ||
| 007 | cr cn||||||||| | ||
| 008 | 091005s2009 bcc s 001 0 eng d | ||
| 010 | _zc 2008906316 | ||
| 020 | _z9781553653974 | ||
| 020 | _z9781926685441 | ||
| 040 |
_aCaPaEBR _cCaPaEBR |
||
| 035 | _a(OCoLC)647823583 | ||
| 050 | 1 | 4 |
_aGF41 _b.S89 2009eb |
| 100 | 1 |
_aSuzuki, David T., _d1936- |
|
| 245 | 1 | 4 |
_aThe big picture _h[electronic resource] : _breflections on science, humanity, and a quickly changing planet / _cDavid Suzuki and Dave Robert Taylor. |
| 246 | 3 | _aScience matters | |
| 260 |
_aVancouver, B.C. : _bDavid Suzuki Foundation : _bGreystone Books : _bD & M Publishers, Inc., _cc2009. |
||
| 300 | _a279 p. | ||
| 500 | _aIncludes index. | ||
| 500 | _aA collection of columns published under the title Science matters. | ||
| 533 |
_aElectronic reproduction. _bPalo Alto, Calif. : _cebrary, _d2013. _nAvailable via World Wide Web. _nAccess may be limited to ebrary affiliated libraries. |
||
| 650 | 0 | _aHuman ecology. | |
| 650 | 0 | _aSocial ecology. | |
| 655 | 7 |
_aElectronic books. _2local |
|
| 700 | 1 |
_aTaylor, Dave Robert, _d1971- |
|
| 710 | 2 | _aebrary, Inc. | |
| 856 | 4 | 0 |
_uhttp://site.ebrary.com/lib/rucke/Doc?id=10312692 _zAn electronic book accessible through the World Wide Web; click to view |
| 999 |
_c177148 _d177148 |
||